Το θαλάσσιο μέτωπο της πόλης της Λεμεσού (Κύπρος) : μια συνολική θεώρηση των ανθρωπογενών παρεμβάσεων στο φυσικό σύστημα
Αποθηκεύτηκε σε:
| Κύριος συγγραφέας: | |
|---|---|
| Συγγραφή απο Οργανισμό/Αρχή: | |
| Άλλοι συγγραφείς: | |
| Μορφή: | Thesis Βιβλίο |
| Γλώσσα: | Greek |
| Δημοσίευση: |
Μυτιλήνη :
Πανεπιστήμιο Αιγαίου, Τμήμα Επιστήμης της Θάλασσας,
2005
|
| Θέματα: | |
| Ετικέτες: |
Προσθήκη ετικέτας
Δεν υπάρχουν, Καταχωρήστε ετικέτα πρώτοι!
|
MARC
| LEADER | 00000cam a2200000 i 4500 | ||
|---|---|---|---|
| 001 | 1/26739 | ||
| 008 | 060322s2005 gre d | ||
| 035 | |l 10083233 | ||
| 040 | |a GR-MY-UA |b gre |e aacr | ||
| 041 | 0 | |a gre | |
| 082 | 0 | |a 333.917 |2 (22) | |
| 100 | 1 | |a Παράρη, Μαρλέν. | |
| 245 | 1 | 3 | |a Το θαλάσσιο μέτωπο της πόλης της Λεμεσού (Κύπρος) : |b μια συνολική θεώρηση των ανθρωπογενών παρεμβάσεων στο φυσικό σύστημα / |c Παραρή Μαρλέν ; υπεύθυνος καθηγητής Χρήστος Αναγνώστου |
| 260 | |a Μυτιλήνη : |b Πανεπιστήμιο Αιγαίου, Τμήμα Επιστήμης της Θάλασσας, |c 2005 | ||
| 300 | |a 109 σ.; |b χαρτ., εικ.; |c 30 εκ. | ||
| 502 | |a Πτυχιακή εργασία - Πανεπιστήμιο Αιγαίου, Λέσβος, 2005. | ||
| 504 | |a Βιβλιογραφία: σ. 105-108 | ||
| 650 | 0 | 0 | |a Coastal zone management |z Cyprus |z Limassol. |
| 650 | 0 | 0 | |a Dissertations, Academic |z Greece. |
| 700 | 1 | |a Αναγνώστου, Χρήστος. |4 ths | |
| 710 | 2 | |a Πανεπιστήμιο Αιγαίου |b Σχολή Περιβάλλοντος |b Τμήμα Επιστημών της Θάλασσας. | |
| 852 | |a INST |b LESVOS |c DIATR |e 20060322 |h 141 |p 005100035693 |q 005100035693 |t DIE |y 23 | ||
| 852 | |a INST |b LESVOS |c DIATR |e 20060322 |h 142 |p 005100035423 |q 005100035423 |t DIE |y 23 | ||
| 901 | |a BIBL1-2006-1 | ||
| 909 | |a Λ |b 118647 | ||
| 909 | |a Λ |b 118646 | ||
| 924 | |a ΠΑΡΑΡΗ |b ΜΑΡΛΕΝ |y ΛΕΣΒΟΣ |z 2006-02 | ||
| 970 | |a ΜΑΡΙΝΑΤΟΥ |b ΜΥΡΣΙΝΗ |z 2006/03/22 | ||